[Event "Turnier 40 / 120"]
[Site "DESKTOP-NL3KVDB"]
[Date "2023.04.28"]
[Round "14"]
[White "Mephisto Phönix TM Vancouver - 36 MHZ"]
[Black "Millenium Chess Genius Pro - 120 MHZ"]
[Result "1/2-1/2"]
[BlackElo "2284"]
[WhiteElo "2287"]

{Analyse ----> Komodo 14.1.} 1. e4 e6 2. d4 d5 3. Nc3 Bb4 4. exd5 exd5 5.
Bd3 {Buchende} Ne7 {Buchende} 6. Bg5 {Buchbewertung TM Vancouver: +0,06}
Nbc6 {Buchbewertung MCGP: +0,07 / lt. Komodo ist die Stellung etwa gleich}
7. Ne2 h6 8. Bd2 O-O 9. O-O Re8 10. a3 Ba5 11. Na4 Bxd2 12. Qxd2 Bf5 13. c3
Bxd3 14. Qxd3 Na5 15. Ng3 Nb3 16. Rad1 Qd7 17. Nc5 Nxc5 18. dxc5 c6 19. Qd4
Ng6 20. f4 f6 21. f5? {ein schlechter Zug, natürlich darf man dem Springer
nicht das starke Feld e5 freigeben, deutlich besser ist Dd3 mit leichtem
Vorteil für Weiss, nach dem Textzug ist Schwarz hauchdünn im Vorteil mit
ca. +0,20} Nf8 {völlig unverständlich, was daran besser sein soll als Se5,
lt. Komodo ist es aber nur ein geringer Unterschied in der Bewertung von
etwa 0,2 Bauerneinheiten daher kein Fragezeichen, die Stellung ist im Lot,
Komodo 0,00} 22. c4 Re5 23. Qg4 Qe7 24. b4 Rd8 25. cxd5 Rexd5 26. Rde1 Re5
27. Qc4+ Rdd5 28. Rd1 Kh8 29. Rd4 Nd7 30. Kh1?? {ein völlig absurder
Verlustzug, was bitte soll das bringen, den König hier in die Ecke zu
stellen und die Grundlinie derart zu schwächen ?, danach ist die Partie
bereits verloren, Komodo -1,50, deutlich besser ist natürlich Txd5 mit ca.
-0,60} Rxd4? {ein schwacher Zug, der den Vorteil von Schwarz etwa halbiert,
Komodo +0,70, deutlich stärker ist b6} 31. Qxd4 Re3 {deutlich vorzuziehen
ist Td5, nach dem Textzug ist Schwarz nur noch hauchdünn im Vorteil mit ca.
+0,20} 32. Rf3?? {ein ganz schlechter Zug, danach ist Schwarz neuerlich
klar im Vorteil, Komodo -1,00, nötig war Sh5} Rxf3?? {ganz schwach,
verspielt den gesamten Vorteil, Komodo 0,00, deutlichen Vorteil versprach
Te1+} 33. gxf3 Qf7 34. f4 Qd5+??? {ein absoluter Verlustzug, danach ist die
Partie klar verloren, Komodo -2,20 mit der Fortsetzung Dxd5, nach Sf8 ist
alles im Lot} 35. Qxd5 cxd5 36. Kg2 {TM Vancouver sieht hier noch absolut
keinen Vorteil, sieht sich sogar knapp im Nachteil mit -0,18, Komodo +2,00,
etwas besser war Se2 mit ca. +2,40} Nb8 {MCGP: -0,12} 37. b5? {ein
schlechter Zug, deutlich stärker ist Se2, Komodo +1,20} a6? {ein
Verlustzug, danach ist die Partie wieder klar verloren, Komodo -2,20,
deutlich besser ist Sd7 oder Kg8} 38. a4 axb5 39. axb5 Nd7 40. c6 bxc6 41.
bxc6 Nb6 42. Kf3 Kg8 43. Ke3 Nc8 44. Kd4 Ne7 45. Kc5 Kf7 46. c7? {klar
schwächer als Se2, danach wäre Weiss bereits mit ca. +7,00 im Vorteil
gewesen, aber auch der Textzug gewinnt klar, Komodo +4,50} Ke8? {völlig
daneben, deutlich mehr Widerstand leistet noch d4, Komodo -10,00} 47. Kd6
Nc8+ 48. Ke6 d4 49. Ne4 Ne7 50. Nc5 h5 51. h4 Nc8 52. Ne4 Ne7 53. Nd6+ Kf8
54. Kd7 d3 55. Ne4 Kf7 56. c8=Q??? {ein unglaublicher Megabock der
allerschlimmsten Sorte, verschenkt auf einen Schlag den Sieg und stellt
ganze 16 Bauerneinheiten !!, danach ist die Partie sofort Remis, Komodo
0,00, gewonnen hätte Sd2} Nxc8 57. Kxc8 {TM Vancouver erkennt bereits was
er angestellt hat: Bewertung nur noch +0,69 ! mit der Fortsetzung g5,
danach bekommen beide eine Dame und alle Bauern verschwinden vom Brett,
Weiss hat dann am Ende zwar den Springer mehr, aber mit Dame + Springer
gegen die Dame ist es nicht mehr zu gewinnen !} g5! 58. fxg5 fxg5 59. hxg5
h4 60. f6 h3 61. Nd6+ Kf8 62. g6 h2 63. g7+ Kg8 64. Nf5 h1=Q 65. Ne7+ Kf7
66. g8=Q+ Kxf6 {Userentscheid: Remis} 1/2-1/2
[/pgn]
[pgn]

[Event "Turnier 40 / 120"]
[Site "DESKTOP-NL3KVDB"]
[Date "2023.04.28"]
[Round "15"]
[White "Millenium Chess Genius Pro - 120 MHZ"]
[Black "Mephisto Phönix TM Vancouver - 36 MHZ"]
[Result "1/2-1/2"]
[BlackElo "2287"]
[WhiteElo "2284"]

{Analyse ----> Komodo 14.1.} 1. e4 d6 2. Nc3 c6 {Buchende} 3. d4 d5
{Buchbewertung TM Vancouver: -0,24} 4. exd5 {Buchbewertung MCGP: +0,62 lt.
Komodo steht Weiss etwas besser mit ca. +0,40} cxd5 5. Bf4 Nf6 6. Nb5! Na6
7. Bd3 Bg4 8. f3 Bh5 9. Ne2 e6 10. O-O Be7 11. c3 O-O 12. Ng3 Bg6 13. Bxg6
hxg6 14. Qe2 Qb6 15. a4 Rfc8 16. Rfe1 Nb8 17. a5 Qc6 18. Na3 a6 19. Nc2
Nbd7 20. Ne3 Kf8 21. Qd3 b5 22. axb6 a5 23. Bc7 Nxb6 24. Bf4 a4 25. Reb1
Nbd7 26. Nc2 Kg8 27. h3 Bd6 28. Bxd6 Qxd6 29. Ne2 Nb6 30. Ne3 Nh5 31. Ng4
Nc4 32. Ne3 a3 33. Nxc4 {bis zu diesem Zeitpunkt praktisch eine fehlerfreie
Partie beider Geräte nach diesem Zug steht Schwarz aber bereits klar
besser, Komodo -1,50, deutlich besser ist bxa3 mit annäherndem Ausgleich}
dxc4 34. Qc2 a2 35. Rd1 Rc6? {ein schlechter Zug, der den Vorteil von
Schwarz mehr als halbiert, Komodo +0,70, nötig war Tbc8} 36. Nc1 {klar
vorzuziehen ist b4, Komodo -1,00} Rca6 37. b4 cxb3 38. Qxb3 Qg3 39. Ne2 Qg5
40. c4 Ra3 41. Qb7?? {ein Verlustzug, danach ist die Partie bereits klar
verloren, Komodo -2,30, deutlich mehr Widerstand leistet Db2 mit ca. -1,00}
Qe3+! 42. Kf1 e5!! {also das ist echt stark, was TM Vancouver hier spielt,
wieder der beste Zug, Komodo +2,50} 43. d5 {ein unüberlegter Zug, für den
sich MCGP nur 1 Minute Zeit nimmt, danach ist bereits alles aus, Komodo
-4,50, deutlich mehr Widerstand leistet noch Dd5 mit ca. -2,50} Nf4??? {ein
grottenschlechter Zug, der einen Grossteil des Vorteiles verspielt, hier
gab es zahlreiche Gewinnzüge, die die Partie klar gewinnen, z.B. e4, Sf6,
f5 um nur einige zu nennen, der Textzug ist so ziemlich der schlechteste
Zug von allen in Frage kommenden Zügen, Komodo "nur" noch +1,00 für
Schwarz} 44. Nxf4 Qxf4 45. Qc7??? {ein absoluter Verlustzug, danach ist die
Partie sofort verloren, Komodo -5,00 mit der Fortsetzung Txf3, nötig war
d6} Rc3?? {verpasst den sofortigen Gewinn, gewonnen hätte entweder Txf3
oder Kh7 beides mit ca. +5,00, nach dem Textzug bleibt Schwarz aber noch
klar im Vorteil mit ca. +1,50} 46. d6 Raa3??? {verschenkt einfach alles
nach diesem Zug ist die Partie bereits Remis, Komodo 0,00, klaren Vorteil
versprach Tc2} 47. Kg1 Kh7 48. Qb7 Rc2 49. Qe4 Qxe4 50. fxe4 Rg3 {das
bringt gar nichts und besiegelt bereits das Remis, kleinen Vorteil hätte
noch Ta8 gebracht, aber von einem Gewinn wäre auch das sehr weit entfernt}
51. c5 Rgxg2+ 52. Kh1 Rh2+ 53. Kg1 Rcg2+ 54. Kf1 Rb2 55. Kg1 Rhg2+ 56. Kh1
Rgd2 {unglaublich TM Vancouver glaubt tatsächlich hier noch mehr als ein
Remis rauszuholen, eine Fehleinschätzung danach bekommt Weiss eine Dame,
Komodo 14.1. schätzt das mit +2,00 für Weiss ein, ABER: lt. Stockfish 15
ist die Partie trotz der Dame nicht zu gewinnen, da die Stellung mit Turm +
3 Bauern gegen die Dame nicht zu knacken ist, Stockfish 15: 0,00 !!!!, da
ist er die einzige Engine überhaupt, die das so sieht !!} 57. Rxd2 Rxd2 58.
Rxa2 Rxa2 59. c6 Ra1+ 60. Kh2 Ra2+ 61. Kg3 Ra3+ 62. Kg4 Re3 63. d7 Rxe4+
64. Kf3 Rd4 65. c7 Rxd7 66. c8=Q {Komodo 14.1.: +1,00 / Stockfish 15: 0,00
!!} Rd4 67. Qc7 f6 {diese Stellung ist trotz der Dame nicht mehr zu
knacken, der letzte Randbauer ist natürlich nicht mehr durchzubringen gegen
diese starke Bauernfront, die das Remis hält, Userentscheid: Remis} 1/2-1/2
[/pgn]
[pgn]

[Event "Turnier 40 / 120"]
[Site "DESKTOP-NL3KVDB"]
[Date "2023.04.29"]
[Round "16"]
[White "Mephisto Phönix TM Vancouver - 36 MHZ"]
[Black "Millenium Chess Genius Pro - 120 MHZ"]
[Result "1/2-1/2"]
[BlackElo "2284"]
[WhiteElo "2287"]

{Analyse -----> Komodo 14.1.} 1. e4 e5 2. Nf3 Nf6 3. d4 Nxe4 4. Bd3 d5 5.
Nxe5 Nd7 6. Nxd7 Bxd7 7. O-O {Buchende} Bd6 8. Qh5 {Buchbewertung TM
Vancouver: +0,39} Nf6 9. Re1+ Be7 {Buchende} 10. Qe5 Be6 {Buchbewertung
MCGP: -0,37 / lt. Komodo steht Weiss eine Nuance besser mit ca. +0,20} 11.
Bf4 c6 12. Nd2 O-O 13. h3 Qb6 14. Nb3 Rfe8 15. Qc7 Rac8 16. Qxb6 axb6 17.
Nd2 h6 18. Nf3 Ra8 19. a3 Nh5 20. Bc7 Bd8 21. Bh2 b5 22. c3 Bb6 23. Re5 Nf6
24. Rae1 Bc7 25. R5e3 Bxh2+ 26. Kxh2 Nd7 27. Bf5 Nf8 28. Kg1 Red8 29. Bd3
Nd7 30. Nh4 Nb6 31. R3e2 Nc4 32. Nf3 Ra6 33. Ne5 Raa8 34. Kh2 Ra4 35. Ng6
Raa8 36. Nf4 {klar vorzuziehen ist f4, die Stellung ist im Lot} Bd7 37.
Bxc4 bxc4 38. Re7 Re8 39. R1e2 Rxe7 40. Rxe7 Rd8 41. g4 Kf8 42. Re3 Ra8 43.
Kg3 Ra5 44. Re2 Rb5 45. h4 Rb3 46. f3 Bc8 47. h5 Bd7 48. Kf2 Rb6 49. Ke1
Rb3 50. Kf1 c5 51. dxc5 d4 52. cxd4 Rxf3+ 53. Rf2 Bxg4? {ein schlechter
Zug, danach steht Weiss klar besser, Komodo -1,20, nötig war Tb3 mit
Ausgleich} 54. Rxf3 Bxf3 55. d5 Ke7 56. Kf2 Bg4 57. Ke3 {die Stellung ist
gewonnen für Weiss, Komodo +2,00} Kf6 58. c6?? {verschenkt einfach alles,
danach ist die Stellung im Lot Komodo 0,00, gewonnen hätte Kd4} bxc6 59.
dxc6 Ke5 60. c7 c3 61. bxc3 Kd6 62. Ke4 Kxc7 63. Kd5 Bf3+ 64. Kc5 Be4 65.
Kd4 Bf3 66. Kc5 Be4 67. Kd4 Bf3 68. Kc5 {Stellungswiederholung} 1/2-1/2
[/pgn]
[pgn]

[Event "Turnier 40 / 120"]
[Site "DESKTOP-NL3KVDB"]
[Date "2023.04.29"]
[Round "17"]
[White "Millenium Chess Genius Pro - 120 MHZ"]
[Black "Mephisto Phönix TM Vancouver - 36 MHZ"]
[Result "0-1"]
[BlackElo "2287"]
[WhiteElo "2284"]

{Analyse -----> Komodo 14.1.} 1. e4 e5 2. Nf3 Nf6 3. d4 Nxe4 4. Bd3 d5 5.
dxe5 Nc6 6. O-O Bg4 {Buchende} 7. Nc3 {Buchende} Nxc3 {Buchbewertung TM
Vancouver: +0,72} 8. bxc3 {Buchbewertung MCGP: -0,70 / lt. Komodo ist die
Stellung etwa gleich} Be7 9. Bf4 O-O 10. h3 Bh5 11. Rb1 b6 12. Be2 Na5 13.
Nd4 Bg6 14. Bb5 Bc5 15. Qf3 a6 16. Bd3 c6 17. Qg4 Re8 18. h4 Qc8 19. e6
fxe6 20. Be5 Qd7 21. Bxg6 hxg6 22. Qxg6 Nc4 23. Rfe1 Rf8 24. Qxg7+?? {ein
schlechter Zug, danach steht Schwarz klar besser, Komodo -1,20, deutlich
besser ist Sf3 mit Ausgleich} Qxg7 25. Bxg7 Kxg7 26. Nxe6+ Kg8 27. Nxc5!
{ein starker Zug, hier auf die Qualität zu verzichten ist die klar bessere
Wahl, weit schwächer wäre Sxf8 gewesen, trotzdem steht Schwarz klar besser,
Komodo -1,20} bxc5 28. Re6 Rac8 29. Rbe1 Kg7 30. R1e2 Rf6 31. Re7+ Rf7 32.
R2e6?? {das muss man bereits als absoluten Verlustzug werten, Weiss muss
natürlich jeden weiteren Abtausch vermeiden, deutlich mehr Widerstand
leistet natürlich T7e6, Komodo -2,30} Na3! 33. h5 Rxe7 34. Rxe7+ Kf6 35.
Ra7? {deutlich besser ist noch Te2, Komodo -3,50} Kg5 36. Rxa6 Nxc2 37. Kf1
Re8! 38. g3 Kg4 39. Rb6 d4! {bärenstark, was TM Vancouver hier spielt, der
beste Zug} 40. cxd4 Kh3!! {grossartig gespielt, neuerlich der beste Zug,
Komodo +10,00} 41. Rb1 cxd4 42. h6 d3 43. h7 c5 44. a4 c4 45. Rd1 Rh8 46.
a5 Rxh7 47. Rd2 Nd4 {Komodo Matt in 10 / Rest geschenkt, eine Spitzenpartie
von TM Vancouver !!} 0-1
[/pgn]
[pgn]

[Event "Turnier 40 / 120"]
[Site "DESKTOP-NL3KVDB"]
[Date "2023.04.30"]
[Round "18"]
[White "Mephisto Phönix TM Vancouver - 36 MHZ"]
[Black "Millenium Chess Genius Pro - 120 MHZ"]
[Result "0-1"]
[BlackElo "2284"]
[WhiteElo "2287"]

{Analyse -----> Komodo 14.1.} 1. e4 e5 2. Nf3 Nf6 3. d4 Nxe4 4. Bd3
{Buchende} Nc6 5. dxe5 {Buchbewertung TM Vancouver: +0,39} Nc5 {Buchende}
6. Bb5 a6 {Buchbewertung MCGP: -0,28 lt. Komodo ist die Stellung etwa
gleich} 7. Bxc6 dxc6 8. Qxd8+ Kxd8 9. Bg5+ Ke8 10. O-O Bg4 11. Nbd2 Na4 12.
h3 Bf5 13. b3 Nc3 14. Rfe1 Bc5 15. Nc4 Nd5 16. Rac1 Kd7 17. Be3 Nxe3 18.
Nxe3 Bg6 19. Nh4 Ke6 20. Nxg6 hxg6 21. Ng4 Rad8 22. Rcd1 {besser ist Te2,
Komodo -0,70} Bb4 23. Rxd8 {besser ist Tf1, Komodo -1,10} Rxd8 24. Re2 Rd1+
25. Kh2 Rd2 26. Rxd2 Bxd2 27. Kg3 Kf5 28. h4 {besser ist Kf3, Komodo -1,40}
c5 {vorzuziehen ist Ke4, Komodo +1,10} 29. c4? {ein Verlustzug, danach
gewinnt Ke4, Komodo -2,00, nötig war Kf3} c6? {weit schwächer als Ke4
halbiert den Vorteil von Schwarz, Komodo +1,00} 30. Kf3 Bc3 31. a3? {ein
schlechter Zug, deutlich besser ist g3, Komodo -1,30} Bb2 32. a4 Bd4 33. e6
Kxe6 34. Ne3 {deutlich besser ist Ke2, Komodo -1,60} Bf6 {nicht optimal,
vorzuziehen ist Kd6, Komodo +1,20} 35. g3 Bd4 36. g4 {nicht ideal, besser
ist Sc2, Komodo -1,50} Ke5 37. Nf1?? {ein Verlustzug, danach ist die Partie
bereits klar verloren, Komodo -2,80, nötig war Sg2} b6? {ein ganz
schlechter Zug, der den sofortigen Gewinn verpasst und den Vorteil
halbiert, Komodo +1,40, gewonnen hätte hier bereits Lb2} 38. Ng3 Ke6?
{rätselhaft, was soll der Rückzug des Königs bringen, weit schwächer als
f5, Komodo +1,00} 39. Ne2? {klar vorzuziehen ist h5, Komodo -1,40} Bf6 40.
Kg3 {besser ist g5, Komodo -1,60} Ke5 41. f3 Be7 42. Kh3 Bd8 43. Kg3 b5 44.
Kh3 Ba5 45. g5 {deutlich besser ist noch h5, Komodo -3,00} Be1 46. Kg4
f6??? {ein wahrer Katastrophenzug, der einfach ALLES verschenkt, danach ist
die Partie bereits Remis, Komodo 0,00, besonders dramatisch, denn das ist
praktisch der einzige plausible Zug, der NICHT gewinnt, alles andere
gewinnt, bxa4, bxc4, Lf2, Lb4, usw....} 47. gxf6 gxf6 48. h5 f5+ 49. Kg5
gxh5 50. Kxh5 {an dieser Stelle wurde die Partie von mir als Remis
gewertet, was auf Kritik gestossen ist, darum wird sie jetzt fortgesetzt}
Kf6 51. Nf4 Bd2 52. Nd3 Be3 53. Kh4 Bd4 54. Kh3 Ke6 55. Kh4 Be3 56. Kh5
bxc4 57. bxc4 Kf6 58. Kh4 Bd4 59. Kh3 Kg6 60. Kg3 Kg5 61. Kg2 Kh6 62. Nf4
Kg7 63. Ne6+ Kf6 64. Nd8 Bc3 65. Nxc6 Ke6 66. Kh3??? {ein Verlustzug,
danach ist die Partie klar verloren, Komodo -3,00, nötig war Sb8 und es ist
Remis} Kd6 67. Nd8 Kd7 68. Nf7 Ke7 69. Ng5 Bd2 70. f4 Bxf4 71. Nf3 Kf6 72.
Ne1 Bd6 73. Nd3 Kg5 74. Kg2 Kg4 75. a5 f4 76. Nf2+ Kf5 77. Kf3 Ke5 78. Ne4
Bf8 79. Ng5 Be7 80. Nh3 Kd4 81. Nxf4 Kxc4 82. Ke4 Bd8 83. Nd3 Bxa5 84. Ne5+
Kb5 85. Kd3 Bd8 86. Nc4 Kb4 87. Ne3 Kb3 88. Nc4 a5 89. Nd2+ Kb4 90. Kc2 Bf6
91. Nf3 a4 {Rest geschenkt} 0-1
[/pgn]
[pgn]

[Event "Turnier 40 / 120"]
[Site "DESKTOP-NL3KVDB"]
[Date "2023.04.30"]
[Round "19"]
[White "Millenium Chess Genius Pro - 120 MHZ"]
[Black "Mephisto Phönix TM Vancouver - 36 MHZ"]
[Result "1-0"]
[BlackElo "2287"]
[WhiteElo "2284"]

{Analyse -----> Komodo 14.1.} 1. e4 e5 2. Nc3 Nf6 3. g3 Bc5 4. Bg2 O-O 5.
Nge2 {Buchende} Re8 {Buchende} 6. O-O {Buchbewertung MCGP: -0,53} Nc6
{Buchbewertung TM Vancouver: +0,33 / lt. Komodo ist die Stellung etwa
gleich} 7. d3 a6 8. Nd5 Nxd5 9. exd5 Nd4 10. Nxd4 Bxd4 11. Qf3 d6 12. c3
Ba7 13. Be3 Qd7 14. Bxa7 Rxa7 15. Rfe1 f6 16. d4 Qf5 17. Qe2 Bd7 18. Be4
Qh3 19. Bg2 Qg4 {nicht ideal, besser ist Dh6, Komodo -0,80} 20. Qxg4 Bxg4
21. Re3 {nicht optimal, deutlich besser ist f4, die Stellung ist wieder im
Lot} Raa8 22. Rae1 Bd7 23. dxe5 fxe5 24. Bf1 Rf8 25. Re4 Rf7 26. f4 exf4
27. gxf4 Kf8 28. Kf2 Re8 29. Rxe8+ Bxe8 30. Kg3 Bd7 31. b4 Bf5 32. a4 Rf6
33. a5 Rg6+ 34. Kf3 Rh6 35. Kg3 Kf7 36. Bg2 Rg6+ 37. Kf2 Rg4 38. Kf3 Rh4
39. Kg3 Rh6 40. Bf1 Rg6+ 41. Kf3 Kf6??? {nicht optimal, das Eindringen des
Turmes nach e8 sollte nicht erlaubt werden, Komodo -0,50 besser wäre es auf
ein Remis zu spielen mit Th6, lt. Stockfish 15 ist das bereits ein
Verlustzug -3,50 !!!} 42. Re8 Rg1 43. Kf2 Rg4 44. Rf8+ Kg6 {hier sind sich
nicht mal die Top-Engines einig, schon merkwürdig Komodo 14.1 bewertet die
Fortsetzung Lh3 als besten Zug mit nur +0,40 für im 38. HZ, Stockfish 15
sieht die selbe Fortsetzung innerhalb von wenigen Sekunden bereits mit
+4,00 für Weiss} 45. Bh3! Rxf4+ 46. Kg3 Kg5 47. Rf7 g6 48. Bxf5 Rxf5
{unglaublich wie schwierig Turmendspiele selbst für so manche Top-Engine
sind, hier versagt Komodo 14.1 völlig, er sieht h4 als besten Zug mit nur
minimalem Vorteil für Weiss mit ca. +0,30, während Stockfish 15 die selbe
Fortsetzung, die gewinnt innerhalb von einer Sekunde !!! mit +4,00 bewertet
!!!, es gewinnt die Fortsetzung h4, Kh6, Txf5 !!, Stockfish sieht das
innerhalb einer Sekunde es fällt mir jedoch schwer MCGP hier einen Vorwurf
zu machen, das nicht zu erkennen, denn Komodo 14.1. sieht diesen Gewinnzug
selbst im 50. HZ nach über 15 Minuten und Berechnung von 2,5 Millarden
Positionen noch immer nicht und will da immer noch Txc7 spielen, was nur
zum Remis führt, unglaublich !!} 49. Rxh7 {verschenkt den Sieg, gewonnen
hätte h4, hier vergebe ich trotzdem KEIN Fragezeichen aufgrund des
Kommentares im vorigen Zug, nicht mal Komodo sieht nach 15 Minuten den
Gewinn !!!, nach dem Textzug ist die Partie Remis} Rxd5 50. h4+ Kf5 51.
Rxc7 Rd3+ 52. Kf2 Ke6 53. Kg2 Kd5 54. Rxb7 Rxc3 55. Rg7 Rc4 56. Kg3 Rxb4
57. Rxg6 Kc6 58. h5 Rb5 59. h6 Rb7??? {ein absoluter Verlustzug, danach ist
die Partie sofort verloren, Komodo -7,00, das Remis gehalten hätte sowohl
Txa5 als auch Tb1} 60. Kh4 Rf7 61. Rg7 Rf1 62. h7??? {ein absoluter
Katastrophenzug, der den Sieg auf einen Schlag verschenkt und ganze 8
Bauerneinheiten !!! einstellt, sofort gewonnen hätte Tg3 mit +8,00} Rh1+
63. Kg5 Kb5 64. Kg6 Kxa5??? {ein absoluter Verlustzug, danach ist die
Partie sofort verloren, Komodo Matt in 34 !!! LOL, Remis hätte Tg1+
gesichert, dann muss der König über f7 nach g8 und ist zu weit entfernt um
die Bauern noch aufhalten zu können} 65. Rg8 Kb4 66. h8=Q Rxh8 67. Rxh8 a5
68. Rb8+ Kc4 69. Ra8 Kb4 70. Kf5 d5 71. Ke5 a4 72. Kd4! {natürlich auf
keinen Fall Kxd5 ??, das wäre Remis} Kb3 73. Kd3 Kb4 74. Rb8+ Kc5 75. Rb7
a3 76. Rb3 a2 77. Ra3 a1=Q 78. Rxa1 {Rest geschenkt} 1-0
[/pgn]
[pgn]

[Event "Turnier 40 / 120"]
[Site "DESKTOP-NL3KVDB"]
[Date "2023.05.02"]
[Round "20"]
[White "Mephisto Phönix TM Vancouver - 36 MHZ"]
[Black "Millenium Chess Genius Pro - 120 MHZ"]
[Result "1/2-1/2"]
[BlackElo "2284"]
[WhiteElo "2287"]

{Analyse -----> Komodo 14.1.} 1. e4 c5 2. Nf3 d6 3. d4 cxd4 4. Nxd4 Nf6 5.
f3 e6 6. c4 {Buchende} Nc6 7. Nc3 {Buchbewertung TM Vancouver: +0,39} Be7
{Buchende} 8. Be2 O-O {Buchbewertung MCGP: -0,09 / lt. Komodo steht Weiss
minimal besser mit ca. +0,20} 9. Be3 d5 10. cxd5 exd5 11. Nxc6 bxc6 12. O-O
a5 13. Rc1 Be6 14. exd5 Nxd5 15. Nxd5 cxd5 16. b3 Qd6 17. Bc5 Qc7 18. Qd4
Rfc8 19. Bxe7 Qxe7 20. f4 Qb4 21. Rxc8+ Rxc8 22. Qxb4 axb4 23. f5 Bd7 24.
Rf4 Rc2 25. Bf3 Rxa2 26. Bxd5 h6 27. Rxb4 Bxf5 28. Rb8+ Kh7 29. b4 Rb2 30.
Bxf7 Be4 31. g3 Rg2+ 32. Kf1 Rxh2 33. Re8 Bd3+ 34. Ke1 Rb2 35. Rd8 Bf5 36.
Rd4 Rg2 37. Rf4 Bg6 38. Bxg6+ Kxg6 39. Rf3 Rb2 40. Rf4 Kh5 41. Kf1 Kg5 42.
Kg1 g6 43. Kf1 h5 44. Kg1 Kh6 45. Rc4 Kg7 46. Kf1 Kf7 47. Re4 Kf6 48. Rf4+
Ke5 49. Rc4 Kd5 50. Rf4 Ke6 51. Re4+ Kd6 52. Rf4 Ke7 53. Re4+ Kd7 54. Rc4
Rb3 55. Kg2 {Ich habe gesehen, dass man nicht zu früh abbrechen soll, hier
mache ich trotzdem einen Userentscheid: Remis, ich denke das geht in
Ordnung} 1/2-1/2
[/pgn]
[pgn]

[Event "Turnier 40 / 120"]
[Site "DESKTOP-NL3KVDB"]
[Date "2023.05.03"]
[Round "21"]
[White "Millenium Chess Genius Pro - 120 MHZ"]
[Black "Mephisto Phönix TM Vancouver - 36 MHZ"]
[Result "1/2-1/2"]
[BlackElo "2287"]
[WhiteElo "2284"]

{Analyse ----> Komodo 14.1.} 1. Nf3 d5 2. c4 d4 3. e3 Nc6 4. exd4 Nxd4 5.
Nxd4 {Buchende} Qxd4 6. Nc3 {Buchbewertung MCGP: -0,14} e5 7. d3 Ne7
{Buchende} 8. Be3 Qd8 {Buchbewertung TM Vancouver: 0,00 / lt. Komodo ist
die Stellung etwa gleich} 9. Be2 {besser ist d4, Komodo -0,40} Nf5 10. O-O
c6 11. Kh1? {ein sinnloser Zug, besser ist Lg4, Komodo -0,70} Be7 12. Qd2
O-O 13. Ne4? {ein schlechter Zug, danach steht Schwarz bereits klar besser,
Komodo -1,10, deutlich besser ist Tad1 mit ca. -0,50} Be6 14. Nc5 Nxe3 15.
Qxe3 Qd6? {ein schwacher Zug, der den Vorteil von Schwarz halbiert,
deutlich besser ist Lc8, danach geht das Läuferpaar verloren, Komodo +0,60}
16. Nxe6 Qxe6 17. h3 Rfd8 18. Bg4 {besser ist Lf3, Komodo -0,90} Qd6 19.
Rad1 Bf6 20. Rfe1 Qb4 21. Re2 Rd4 22. Rc1? {nicht optimal, besser ist Dc1,
Komodo -1,30} Rad8 23. Rc3 Qc5? {deutlich schwächer als De7, Komodo +0,90}
24. Rb3 b6 25. Bf3 b5? {ein schwacher Zug, der den Grossteil des Vorteiles
verspielt, Komodo +0,30} 26. cxb5 cxb5 27. Rc3 Qb4? {verspielt den letzten
Rest des kleinen Vorteiles, besser ist De7, Komodo 0,00} 28. Rec2 Qa5 29.
Ra3 Ra4 30. Rxa4 Qxa4 31. b3 Qa3 32. Qc5 Qxc5 33. Rxc5 Rxd3 34. Rxb5 Rd7
35. Ra5 g6 36. Kg1 Kf8 37. g4 Ke7 38. Kg2 Ke6 39. Bc6 Rc7 40. Bd5+ Ke7 41.
Kg3 Bg5 42. Bc4 Bf4+ 43. Kf3 Kf6 44. h4 Kg7 45. Ra6 Rd7 46. Bb5 Re7 47. Ke4
f6 48. Bf1 Bd2 49. h5 Be1 50. f3 Bf2 51. hxg6 hxg6 52. Rd6 Rc7 53. Bc4 Bc5
54. Ra6 Rd7 55. Bd5 Rd6 56. Rxd6 Bxd6 57. Bc6 Ba3 58. Kd5 Kh6 59. Ke6 Kg5
60. Be4 {Ich habe gerlernt mit zu frühen Abbrüchen vorsichtig zu sein,
dennoch an dieser Stelle: Userentscheid: Remis} 1/2-1/2
[/pgn]
[pgn]